| 000 | 01427nam a22003737a 4500 | ||
|---|---|---|---|
| 001 | 0050258 | ||
| 003 | KOHA_MİRAKIL | ||
| 005 | 20260207003721.0 | ||
| 007 | ta | ||
| 008 | 150629b2009 tu |||gr||||#||||0|tur | | ||
| 020 | _a9789752552494 | ||
| 040 |
_aTR-BiSEU _btur _cTR-BiSEU _erda |
||
| 041 | 0 | _atur | |
| 044 | _ctu | ||
| 050 |
_aCS3040 _b.A23 2009 |
||
| 100 | 1 | _aAcaroğlu, M. Türker. | |
| 245 | 1 |
_aAzınlıkların ve yabancıların aldığı : _bTürkçe adlar ve soyadları sözlüğü : _bErmeniler, Rumlar, Yahudiler ile yabancılardan yaklaşık 2.000 kişi üzerine yaşamöyküsel ve dilbilimsel bilgiler/ _cM. Türker Acaroğlu ; M. Türker Acaroğlu ; editör Deniz Saraç. |
|
| 264 | 1 |
_aİstanbul : _bIQ Kültür Sanat _c2009 |
|
| 300 | _a288 sayfa; 23 cm. | ||
| 336 |
_ametin _btxt _2rdacontent |
||
| 337 |
_aaracısız _bn _2rdamedia |
||
| 338 |
_acilt _bnc _2rdacarrier |
||
| 490 | 1 |
_aIQ Kültür Sanat yayınları ; _v349. |
|
| 490 | 1 |
_aAraştırma-İnceleme dizisi ; _v302. |
|
| 650 | 0 |
_aAdlar, Kişi--Türkiye. _992777 |
|
| 650 | 0 |
_aNames, Personal--Turkey. _936132 |
|
| 650 | 0 |
_aAdlar, Türk--Etimoloji. _992778 |
|
| 650 | 0 |
_aNames, Turkish--Etymology. _992779 |
|
| 650 | 0 |
_aAzınlıklar--Türkiye. _912981 |
|
| 650 | 0 |
_aMinorities--Turkey _912982 |
|
| 830 | 1 |
_aIQ Kültür Sanat yayınları ; _v349. _992780 |
|
| 830 | 1 |
_aAraştırma-İnceleme dizisi ; _v302. _914008 |
|
| 942 |
_2lcc _cBK |
||
| 999 |
_c50093 _d50093 |
||